[Event "Stay Safe Play From Home 272"]
[Site "Emanuel Lasker Arena"]
[Date "2020.07.02"]
[Round "6"]
[White "Trotsky"]
[Black "Klasman"]
[Result "0-1"]
[WhiteElo "1614"]
[BlackElo "1328"]
[Annotator "NA"]
[PlyCount "50"]
[EventDate "2020.07.02"]
[EventType "swiss (blitz)"]

1. d4 {[%emt 0:00:01]} f5 {[%emt 0:00:01]} 2. e3 {[%emt 0:00:00]} Nf6 {[%emt 0:00:01]} 3. c4 {[%emt 0:00:01]} e6 {[%emt 0:00:01]} 4. Nc3 {[%emt 0:00:01]} d5 {[%emt 0:00:01]} 5. Bd3 {[%emt 0:00:01]} c5 {[%emt 0:00:01]} 6. Qc2 {[%emt 0:00:01]} Nc6 {[%emt 0:00:01]} 7. a3 {[%emt 0:00:01]} cxd4 {[%emt 0:00:01]} 8. Nce2 {[%emt 0:00:01]} dxe3 {[%emt 0:00:01]} 9. fxe3 {[%emt 0:00:03]} Ne4 {[%emt 0:00:01]} 10. Nf3 {[%emt 0:00:04]} Bc5 {[%emt 0:00:06]} 11. Bd2 {[%emt 0:00:02]} Qb6 {[%emt 0:00:03]} 12. b4 {[%emt 0:00:07]} Bxe3 {[%emt 0:00:02]} 13. Bc3 {[%emt 0:00:02]} Bf2+ {[%emt 0:00:04]} 14. Kd1 {[%emt 0:00:02]} Be3 {[%emt 0:00:04]} 15. h4 {[%emt 0:00:06]} Nf2+ {[%emt 0:00:02]} 16. Ke1 {[%emt 0:00:02]} Nxh1 {[%emt 0:00:01]} 17. Ne5 {[%emt 0:00:03]} Nxe5 {[%emt 0:00:02]} 18. Bxe5 {[%emt 0:00:01]} Kf8 {[%emt 0:00:02]} 19. Nf4 {[%emt 0:00:02]} Bf2+ {[%emt 0:00:03]} 20. Kd1 {[%emt 0:00:02]} Qe3 {[%emt 0:00:02]} 21. Ne2 {[%emt 0:00:11]} Qxe5 {[%emt 0:00:02]} 22. Kc1 {[%emt 0:00:02]} Qxa1+ {[%emt 0:00:01]} 23. Qb1 {[%emt 0:00:03]} Be3+ {[%emt 0:00:03] '} 24. Kc2 {[%emt 0:00:02]} Qxb1+ {[%emt 0:00:01]} 25. Kxb1 {[%emt 0:00:01]} Bd7 {[%emt 0:00:01] Âðåìÿ (Lag: Av=0.40s, max=0.6s)} 0-1

[Event "Stay Safe Play From Home 272"]
[Site "Emanuel Lasker Arena"]
[Date "2020.07.02"]
[Round "7"]
[White "Broken sword"]
[Black "Metehun"]
[Result "0-1"]
[WhiteElo "2434"]
[BlackElo "2433"]
[PlyCount "98"]
[EventDate "2020.07.02"]
[EventType "swiss (blitz)"]

1. d4 {[%emt 0:00:01]} g6 {[%emt 0:00:02]} 2. Nf3 {[%emt 0:00:00]} Bg7 {[%emt 0:00:01]} 3. c3 {[%emt 0:00:00]} d6 {[%emt 0:00:00]} 4. Bf4 {[%emt 0:00:00]} Nd7 {[%emt 0:00:01]} 5. e3 {[%emt 0:00:00]} e5 {[%emt 0:00:01]} 6. Bg3 {[%emt 0:00:01]} Ne7 {[%emt 0:00:01]} 7. h3 {[%emt 0:00:00]} Nf5 {[%emt 0:00:02]} 8. Bh2 {[%emt 0:00:01]} O-O {[%emt 0:00:00]} 9. Nbd2 {[%emt 0:00:01]} Re8 {[%emt 0:00:01]} 10. Bd3 {[%emt 0:00:01]} exd4 {[%emt 0:00:01]} 11. cxd4 {[%emt 0:00:01]} Nxd4 {[%emt 0:00:01]} 12. O-O {[%emt 0:00:01]} Nxf3+ {[%emt 0:00:02]} 13. Nxf3 {[%emt 0:00:01]} Ne5 {[%emt 0:00:00]} 14. Nxe5 {[%emt 0:00:01]} Bxe5 {[%emt 0:00:01]} 15. Bxe5 {[%emt 0:00:01]} dxe5 {[%emt 0:00:00]} 16. Qe2 {[%emt 0:00:01]} c6 {[%emt 0:00:01]} 17. Rfd1 {[%emt 0:00:01]} Qe7 {[%emt 0:00:00]} 18. Rac1 {[%emt 0:00:01]} Be6 {[%emt 0:00:01]} 19. a3 {[%emt 0:00:01]} Rad8 {[%emt 0:00:01]} 20. b4 {[%emt 0:00:00]} f5 {[%emt 0:00:02]} 21. Bc4 {[%emt 0:00:01]} Bxc4 {[%emt 0:00:01]} 22. Qxc4+ {[%emt 0:00:00]} Qf7 {[%emt 0:00:02]} 23. Qc5 {[%emt 0:00:01]} a6 {[%emt 0:00:01]} 24. Qb6 {[%emt 0:00:01]} Qe7 {[%emt 0:00:01]} 25. a4 {[%emt 0:00:01]} f4 {[%emt 0:00:02]} 26. b5 {[%emt 0:00:03]} axb5 {[%emt 0:00:01]} 27. axb5 {[%emt 0:00:00]} fxe3 {[%emt 0:00:01]} 28. Qxe3 {[%emt 0:00:01]} cxb5 {[%emt 0:00:01]} 29. Qb6 {[%emt 0:00:01]} Rxd1+ {[%emt 0:00:02]} 30. Rxd1 {[%emt 0:00:00]} b4 {[%emt 0:00:01]} 31. Qb5 {[%emt 0:00:02]} Rf8 {[%emt 0:00:03]} 32. Rd7 {[%emt 0:00:02]} Qf6 {[%emt 0:00:01]} 33. Qxb7 {[%emt 0:00:01]} Qxf2+ {[%emt 0:00:01]} 34. Kh2 {[%emt 0:00:00]} Qf4+ {[%emt 0:00:01]} 35. Kg1 {[%emt 0:00:00]} Rf7 {[%emt 0:00:01]} 36. Rd8+ {[%emt 0:00:04]} Kg7 {[%emt 0:00:01]} 37. Qb8 {[%emt 0:00:04]} Qe3+ {[%emt 0:00:01]} 38. Kh2 {[%emt 0:00:01]} Qf4+ {[%emt 0:00:02]} 39. Kg1 {[%emt 0:00:00]} Qe3+ {[%emt 0:00:01]} 40. Kh2 {[%emt 0:00:00]} b3 {[%emt 0:00:00]} 41. Rg8+ {[%emt 0:00:02]} Kh6 {[%emt 0:00:00]} 42. Re8 {[%emt 0:00:01]} Qf4+ {[%emt 0:00:01]} 43. Kg1 {[%emt 0:00:01]} Qd4+ {[%emt 0:00:03]} 44. Kh2 {[%emt 0:00:01]} b2 {[%emt 0:00:00]} 45. Qb3 {[%emt 0:00:03]} Qf4+ {[%emt 0:00:01]} 46. Kg1 {[%emt 0:00:01]} Qf1+ {[%emt 0:00:01]} 47. Kh2 {[%emt 0:00:00]} b1=Q {[%emt 0:00:01]} 48. Qe6 {[%emt 0:00:00]} Qf4+ {[%emt 0:00:01]} 49. g3 {[%emt 0:00:01]} Qf2# {[%emt 0:00:01] (Lag: Av=0.34s, max=0.8s)} 0-1

[Event "Stay Safe Play From Home 272"]
[Site "Emanuel Lasker Arena"]
[Date "2020.07.02"]
[Round "7"]
[White "Uber_WING"]
[Black "Jhhonnyy"]
[Result "1-0"]
[WhiteElo "2408"]
[BlackElo "2319"]
[PlyCount "109"]
[EventDate "2020.07.02"]
[EventType "swiss (blitz)"]

1. e4 {[%emt 0:00:01]} c5 {[%emt 0:00:01]} 2. Nc3 {[%emt 0:00:01]} e6 {[%emt 0:00:01]} 3. g3 {[%emt 0:00:00]} Nc6 {[%emt 0:00:01]} 4. Bg2 {[%emt 0:00:01]} g6 {[%emt 0:00:00]} 5. d3 {[%emt 0:00:00]} Bg7 {[%emt 0:00:00]} 6. Be3 {[%emt 0:00:00]} d6 {[%emt 0:00:00]} 7. Qd2 {[%emt 0:00:00]} Rb8 {[%emt 0:00:01]} 8. Nge2 {[%emt 0:00:01]} b5 {[%emt 0:00:00]} 9. a3 {[%emt 0:00:00]} a5 {[%emt 0:00:01]} 10. O-O {[%emt 0:00:01]} Bd7 {[%emt 0:00:00]} 11. f4 {[%emt 0:00:01]} Nge7 {[%emt 0:00:00]} 12. h3 {[%emt 0:00:01]} O-O {[%emt 0:00:01]} 13. g4 {[%emt 0:00:00]} b4 {[%emt 0:00:01]} 14. axb4 {[%emt 0:00:01]} axb4 {[%emt 0:00:00]} 15. Nd1 {[%emt 0:00:00]} f5 {[%emt 0:00:02]} 16. exf5 {[%emt 0:00:00]} exf5 {[%emt 0:00:04]} 17. g5 {[%emt 0:00:01]} Nd4 {[%emt 0:00:02]} 18. Ng3 {[%emt 0:00:01]} Bc6 {[%emt 0:00:01]} 19. Ra7 {[%emt 0:00:03]} d5 {[%emt 0:00:02]} 20. Qf2 {[%emt 0:00:03]} Re8 {[%emt 0:00:01]} 21. c3 {[%emt 0:00:03]} bxc3 {[%emt 0:00:03]} 22. bxc3 {[%emt 0:00:00]} Qb6 {[%emt 0:00:01]} 23. Rxe7 {[%emt 0:00:07]} Rxe7 {[%emt 0:00:00]} 24. cxd4 {[%emt 0:00:00]} cxd4 {[%emt 0:00:01]} 25. Bd2 {[%emt 0:00:03]} Rbe8 {[%emt 0:00:03]} 26. Re1 {[%emt 0:00:01]} Qc5 {[%emt 0:00:03]} 27. Bf3 {[%emt 0:00:02]} Bb5 {[%emt 0:00:01]} 28. Rxe7 {[%emt 0:00:02]} Rxe7 {[%emt 0:00:00]} 29. Be2 {[%emt 0:00:04]} h6 {[%emt 0:00:04]} 30. h4 {[%emt 0:00:02]} h5 {[%emt 0:00:01]} 31. Qe1 {[%emt 0:00:04]} Bxd3 {[%emt 0:00:02]} 32. Bb4 {[%emt 0:00:02]} Qc7 {[%emt 0:00:06]} 33. Bxe7 {[%emt 0:00:01]} Qxe7 {[%emt 0:00:00]} 34. Kf2 {[%emt 0:00:01]} Be4 {[%emt 0:00:01]} 35. Bf3 {[%emt 0:00:02]} Qa7 {[%emt 0:00:01]} 36. Bxe4 {[%emt 0:00:01]} dxe4 {[%emt 0:00:00]} 37. Kg2 {[%emt 0:00:00]} d3 {[%emt 0:00:01]} 38. Qe3 {[%emt 0:00:01]} Bd4 {[%emt 0:00:01]} 39. Qd2 {[%emt 0:00:00]} Qb6 {[%emt 0:00:02]} 40. Nf1 {[%emt 0:00:00]} Qe6 {[%emt 0:00:02]} 41. Nfe3 {[%emt 0:00:00]} Qd6 {[%emt 0:00:01]} 42. Kg3 {[%emt 0:00:00]} Bg7 {[%emt 0:00:01]} 43. Nc3 {[%emt 0:00:00]} Kh7 {[%emt 0:00:00]} 44. Ne2 {[%emt 0:00:00]} Qc5 {[%emt 0:00:01]} 45. Ng1 {[%emt 0:00:00]} Bd4 {[%emt 0:00:01]} 46. Nf1 {[%emt 0:00:01]} e3 {[%emt 0:00:00]} 47. Qg2 {[%emt 0:00:00]} d2 {[%emt 0:00:01]} 48. Nxe3 {[%emt 0:00:00]} d1=Q {[%emt 0:00:00]} 49. Nxd1 {[%emt 0:00:00]} Be3 {[%emt 0:00:00]} 50. Nf2 {[%emt 0:00:00]} Qd5 {[%emt 0:00:00]} 51. Nd3 {[%emt 0:00:00]} Bf2+ {[%emt 0:00:01]} 52. Qxf2 {[%emt 0:00:01]} Qxd3+ {[%emt 0:00:00]} 53. Qf3 {[%emt 0:00:00]} Qe4 {[%emt 0:00:00]} 54. Nh3 {[%emt 0:00:00]} Qxf3+ {[%emt 0:00:00]} 55. Kxf3 {[%emt 0:00:00] Zeit (Lag: Av=0.32s, max=0.6s) '} 1-0

[Event "Stay Safe Play From Home 272"]
[Site "Emanuel Lasker Arena"]
[Date "2020.07.02"]
[Round "7"]
[White "BrainThinker22"]
[Black "SoulofWolf"]
[Result "1-0"]
[WhiteElo "2289"]
[BlackElo "2236"]
[Annotator "NA"]
[PlyCount "67"]
[EventDate "2020.07.02"]
[EventType "swiss (blitz)"]

1. e4 {[%emt 0:00:01]} d5 {[%emt 0:00:00]} 2. exd5 {[%emt 0:00:01]} Nf6 {[%emt 0:00:00]} 3. Nf3 {[%emt 0:00:00]} Nxd5 {[%emt 0:00:00]} 4. Be2 {[%emt 0:00:00]} g6 {[%emt 0:00:01]} 5. d4 {[%emt 0:00:00]} Bg7 {[%emt 0:00:00]} 6. c4 {[%emt 0:00:00]} Nf6 {[%emt 0:00:00]} 7. Nc3 {[%emt 0:00:00]} O-O {[%emt 0:00:00]} 8. O-O {[%emt 0:00:00]} c5 {[%emt 0:00:00]} 9. d5 {[%emt 0:00:01]} Nbd7 {[%emt 0:00:01]} 10. Bg5 {[%emt 0:00:01]} h6 {[%emt 0:00:00]} 11. Bh4 {[%emt 0:00:00]} g5 {[%emt 0:00:00]} 12. Bg3 {[%emt 0:00:00]} Re8 {[%emt 0:00:00]} 13. Re1 {[%emt 0:00:00]} Nf8 {[%emt 0:00:00]} 14. Bd3 {[%emt 0:00:00]} Ng6 {[%emt 0:00:02]} 15. h3 {[%emt 0:00:01]} g4 {[%emt 0:00:05]} 16. hxg4 {[%emt 0:00:01]} Bxg4 {[%emt 0:00:01]} 17. Bxg6 {[%emt 0:00:02]} fxg6 {[%emt 0:00:01]} 18. Qd3 {[%emt 0:00:00]} Bf5 {[%emt 0:00:00]} 19. Qe2 {[%emt 0:00:01]} Nh5 {[%emt 0:00:01]} 20. Be5 {[%emt 0:00:04]} e6 {[%emt 0:00:02]} 21. Bxg7 {[%emt 0:00:01]} Nxg7 {[%emt 0:00:01]} 22. dxe6 {[%emt 0:00:02]} Rxe6 {[%emt 0:00:01]} 23. Qf1 {[%emt 0:00:02]} Qb6 {[%emt 0:00:04]} 24. Nd5 {[%emt 0:00:01]} Qxb2 {[%emt 0:00:02]} 25. Rxe6 {[%emt 0:00:02]} Bxe6 {[%emt 0:00:01]} 26. Nc7 {[%emt 0:00:02]} Rf8 {[%emt 0:00:03]} 27. Nxe6 {[%emt 0:00:01]} Nxe6 {[%emt 0:00:00]} 28. Rb1 {[%emt 0:00:00]} Qg7 {[%emt 0:00:03]} 29. Qd3 {[%emt 0:00:03]} Nf4 {[%emt 0:00:01]} 30. Qd6 {[%emt 0:00:02]} b6 {[%emt 0:00:04]} 31. Re1 {[%emt 0:00:02]} Rf7 {[%emt 0:00:01]} 32. Re8+ {[%emt 0:00:01]} Kh7 {[%emt 0:00:01]} 33. Ne5 {[%emt 0:00:01]} Re7 {[%emt 0:00:05]} 34. Rxe7 {[%emt 0:00:03] SoulofWolf poddaje siê (Lag: Av=0.54s, max=0.8s)} 1-0

[Event "Stay Safe Play From Home 272"]
[Site "Emanuel Lasker Arena"]
[Date "2020.07.02"]
[Round "7"]
[White "Haxhi Baha"]
[Black "Bardellosport"]
[Result "1-0"]
[WhiteElo "2047"]
[BlackElo "1968"]
[Annotator "NA"]
[PlyCount "69"]
[EventDate "2020.07.02"]
[EventType "swiss (blitz)"]

1. e4 {[%emt 0:00:01]} d6 {[%emt 0:00:00]} 2. Nf3 {[%emt 0:00:01]} Nf6 {[%emt 0:00:01]} 3. d4 {[%emt 0:00:00]} Nbd7 {[%emt 0:00:01]} 4. e5 {[%emt 0:00:01]} dxe5 {[%emt 0:00:01]} 5. dxe5 {[%emt 0:00:00]} Ng4 {[%emt 0:00:02]} 6. Bf4 {[%emt 0:00:01]} e6 {[%emt 0:00:01]} 7. h3 {[%emt 0:00:01]} Nh6 {[%emt 0:00:01]} 8. Qd2 {[%emt 0:00:01]} Qe7 {[%emt 0:00:02]} 9. Nc3 {[%emt 0:00:02]} c5 {[%emt 0:00:01]} 10. Bg5 {[%emt 0:00:01]} f6 {[%emt 0:00:02]} 11. exf6 {[%emt 0:00:01]} Nxf6 {[%emt 0:00:01]} 12. O-O-O {[%emt 0:00:01]} Bd7 {[%emt 0:00:01]} 13. Ne4 {[%emt 0:00:05]} O-O-O {[%emt 0:00:01]} 14. Nxf6 {[%emt 0:00:01]} gxf6 {[%emt 0:00:00]} 15. Bxh6 {[%emt 0:00:01]} e5 {[%emt 0:00:01]} 16. Bxf8 {[%emt 0:00:01]} Rhxf8 {[%emt 0:00:00]} 17. Bc4 {[%emt 0:00:01]} Be6 {[%emt 0:00:01]} 18. Bxe6+ {[%emt 0:00:02]} Qxe6 {[%emt 0:00:02]} 19. Qa5 {[%emt 0:00:00]} b6 {[%emt 0:00:02]} 20. Qxa7 {[%emt 0:00:02]} Qc6 {[%emt 0:00:02]} 21. Qa6+ {[%emt 0:00:02]} Kb8 {[%emt 0:00:01]} 22. Rxd8+ {[%emt 0:00:02]} Rxd8 {[%emt 0:00:01]} 23. Rd1 {[%emt 0:00:00]} Rc8 {[%emt 0:00:01]} 24. a3 {[%emt 0:00:03]} Qb7 {[%emt 0:00:01]} 25. Qb5 {[%emt 0:00:01]} Qc7 {[%emt 0:00:02]} 26. Kb1 {[%emt 0:00:01]} e4 {[%emt 0:00:01]} 27. Nd2 {[%emt 0:00:01]} f5 {[%emt 0:00:01]} 28. Nc4 {[%emt 0:00:01]} Kb7 {[%emt 0:00:00]} 29. Nd6+ {[%emt 0:00:01]} Kb8 {[%emt 0:00:02]} 30. Nxc8 {[%emt 0:00:00]} Kxc8 {[%emt 0:00:00]} 31. Qe8+ {[%emt 0:00:02]} Kb7 {[%emt 0:00:02]} 32. Rd7 {[%emt 0:00:00]} Qxd7 {[%emt 0:00:01]} 33. Qxd7+ {[%emt 0:00:00]} Ka6 {[%emt 0:00:00]} 34. c4 {[%emt 0:00:04]} Ka5 {[%emt 0:00:01]} 35. Qb5# {[%emt 0:00:01] (Lag: Av=0.52s, max=1.1s)} 1-0

[Event "Stay Safe Play From Home 272"]
[Site "Emanuel Lasker Arena"]
[Date "2020.07.02"]
[Round "7"]
[White "Chase the sun"]
[Black "Trotsky"]
[Result "1-0"]
[WhiteElo "1887"]
[BlackElo "1586"]
[Annotator "NA"]
[PlyCount "63"]
[EventDate "2020.07.02"]
[EventType "swiss (blitz)"]

1. e4 {[%emt 0:00:01]} c5 {[%emt 0:00:01]} 2. Nc3 {[%emt 0:00:01]} e6 {[%emt 0:00:01]} 3. f4 {[%emt 0:00:01]} d5 {[%emt 0:00:01]} 4. Bb5+ {[%emt 0:00:01]} Nc6 {[%emt 0:00:01]} 5. Nf3 {[%emt 0:00:02]} d4 {[%emt 0:00:01]} 6. Bxc6+ {[%emt 0:00:01]} bxc6 {[%emt 0:00:01]} 7. Ne2 {[%emt 0:00:00]} Qc7 {[%emt 0:00:01]} 8. d3 {[%emt 0:00:00]} Bd7 {[%emt 0:00:01]} 9. b3 {[%emt 0:00:00]} O-O-O {[%emt 0:00:01]} 10. O-O {[%emt 0:00:01]} f6 {[%emt 0:00:01]} 11. Bd2 {[%emt 0:00:02]} Bd6 {[%emt 0:00:01]} 12. Qe1 {[%emt 0:00:02]} h5 {[%emt 0:00:01]} 13. Ba5 {[%emt 0:00:01]} Qb7 {[%emt 0:00:04]} 14. Bxd8 {[%emt 0:00:00]} Kxd8 {[%emt 0:00:01]} 15. a3 {[%emt 0:00:02]} Ke7 {[%emt 0:00:02]} 16. b4 {[%emt 0:00:01]} Qc7 {[%emt 0:00:01]} 17. bxc5 {[%emt 0:00:02]} Bxc5 {[%emt 0:00:02]} 18. Nexd4 {[%emt 0:00:01]} Nh6 {[%emt 0:00:02]} 19. Kh1 {[%emt 0:00:02]} Bd6 {[%emt 0:00:01]} 20. e5 {[%emt 0:00:03]} fxe5 {[%emt 0:00:03]} 21. Nxe5 {[%emt 0:00:00]} Ng4 {[%emt 0:00:03]} 22. Ng6+ {[%emt 0:00:04]} Kf7 {[%emt 0:00:04]} 23. Nxh8+ {[%emt 0:00:01]} Kg8 {[%emt 0:00:03]} 24. Ng6 {[%emt 0:00:01]} e5 {[%emt 0:00:02]} 25. Nxe5 {[%emt 0:00:07]} c5 {[%emt 0:00:03]} 26. Nxg4 {[%emt 0:00:03]} hxg4 {[%emt 0:00:02]} 27. Qh4 {[%emt 0:00:03]} Bxf4 {[%emt 0:00:03]} 28. Rae1 {[%emt 0:00:00]} cxd4 {[%emt 0:00:04]} 29. Re4 {[%emt 0:00:05]} Be3 {[%emt 0:00:03]} 30. Re7 {[%emt 0:00:02]} Qc6 {[%emt 0:00:04]} 31. Rxd7 {[%emt 0:00:03]} Qxd7 {[%emt 0:00:02]} 32. Qh5 {[%emt 0:00:02] Âðåìÿ (Lag: Av=0.31s, max=0.6s)} 1-0

[Event "Stay Safe Play From Home 272"]
[Site "Emanuel Lasker Arena"]
[Date "2020.07.02"]
[Round "7"]
[White "Greblah"]
[Black "Bishop91"]
[Result "1-0"]
[WhiteElo "1877"]
[BlackElo "1643"]
[Annotator "NA"]
[PlyCount "61"]
[EventDate "2020.07.02"]
[EventType "swiss (blitz)"]

1. e4 {[%emt 0:00:01]} e6 {[%emt 0:00:01]} 2. Qe2 {[%emt 0:00:01]} d5 {[%emt 0:00:00]} 3. exd5 {[%emt 0:00:01]} Qxd5 {[%emt 0:00:01]} 4. Nc3 {[%emt 0:00:00]} Qd8 {[%emt 0:00:01]} 5. g3 {[%emt 0:00:00]} Bb4 {[%emt 0:00:01]} 6. Bg2 {[%emt 0:00:00]} Nf6 {[%emt 0:00:01]} 7. Nf3 {[%emt 0:00:01]} Nc6 {[%emt 0:00:00]} 8. O-O {[%emt 0:00:00]} O-O {[%emt 0:00:00]} 9. a3 {[%emt 0:00:00]} Bxc3 {[%emt 0:00:01]} 10. dxc3 {[%emt 0:00:00]} Qe7 {[%emt 0:00:02]} 11. Bg5 {[%emt 0:00:01]} h6 {[%emt 0:00:02]} 12. Bxf6 {[%emt 0:00:01]} Qxf6 {[%emt 0:00:01]} 13. Rad1 {[%emt 0:00:00]} Ne5 {[%emt 0:00:04]} 14. Nxe5 {[%emt 0:00:01]} Re8 {[%emt 0:00:02]} 15. f4 {[%emt 0:00:01]} c6 {[%emt 0:00:02]} 16. Qg4 {[%emt 0:00:01]} Rd8 {[%emt 0:00:01]} 17. Rxd8+ {[%emt 0:00:02]} Qxd8 {[%emt 0:00:00]} 18. Rd1 {[%emt 0:00:01]} Qb6+ {[%emt 0:00:00]} 19. Kf1 {[%emt 0:00:01]} Qb5+ {[%emt 0:00:03]} 20. Kg1 {[%emt 0:00:03]} Qd5 {[%emt 0:00:01]} 21. Bxd5 {[%emt 0:00:03]} exd5 {[%emt 0:00:00]} 22. Qh5 {[%emt 0:00:04]} Be6 {[%emt 0:00:02]} 23. f5 {[%emt 0:00:02]} g6 {[%emt 0:00:02]} 24. fxg6 {[%emt 0:00:01]} fxg6 {[%emt 0:00:00]} 25. Qxg6+ {[%emt 0:00:01]} Kh8 {[%emt 0:00:02]} 26. Qxh6+ {[%emt 0:00:01]} Kg8 {[%emt 0:00:01]} 27. Qxe6+ {[%emt 0:00:00]} Kf8 {[%emt 0:00:00]} 28. Rf1+ {[%emt 0:00:01]} Kg7 {[%emt 0:00:02]} 29. Qf7+ {[%emt 0:00:01]} Kh6 {[%emt 0:00:00]} 30. Rf6+ {[%emt 0:00:01]} Kg5 {[%emt 0:00:01]} 31. Qg6# {[%emt 0:00:01] (Lag: Av=0.29s, max=0.6s)} 1-0

[Event "Stay Safe Play From Home 272"]
[Site "Emanuel Lasker Arena"]
[Date "2020.07.02"]
[Round "7"]
[White "Klasman"]
[Black "Mepe_Nika"]
[Result "0-1"]
[WhiteElo "1357"]
[BlackElo "2373"]
[Annotator "TA"]
[PlyCount "50"]
[EventDate "2020.07.02"]
[EventType "swiss (blitz)"]

{[%evp 9,50,20,125,86,135,96,87,75,107,109,112,88,87,25,97,85,135,143,164,151,168,150,190,191,188,187,210,192,199,193,198,124,127,127,127,120,121,119,214,214,209,209,202]} 1. f4 d5 2. Nf3 Bg4 3. e3 Bxf3 4. Qxf3 Nc6 {[#]} 5. Nc3 $146 ({Predecessor:} 5. Bb5 Qd6 6. Nc3 Nf6 7. O-O a6 8. Ba4 b5 9. Bb3 e6 10. e4 Na5 11. e5 {1-0 (20) Sanchez Ramirez,G (1581)-Lopez Perez,D Gran Canaria 2013}) 5... e5 (5... e6 $11) 6. Qxd5 {A03: Bird's Opening with 1...d5.} exf4 7. Qxd8+ ({Of course not} 7. exf4 $6 Nf6 $11) 7... Rxd8 8. exf4 {White is better.} Nf6 9. Bb5 Bb4 10. O-O O-O 11. a3 (11. Bxc6 $16 bxc6 12. d3) 11... Bxc3 (11... Bc5+ $11 12. Kh1 Nd4) 12. dxc3 Ne7 13. Bd3 Ned5 14. Bd2 c5 15. Rf3 a6 16. c4 Ne7 17. Bc3 Ng6 18. Re1 {And now f5 would win.} Rfe8 19. Rxe8+ Rxe8 20. Bxg6 (20. Bxf6 $18 gxf6 21. Kf2) 20... hxg6 21. Bxf6 gxf6 $18 {KR-KR} 22. Kf2 Re4 23. b3 b5 (23... Rd4 $16) 24. cxb5 axb5 25. g3 c4 {[%mdl 32768] Accuracy: White = 71%, Black = 51%. . Loss on time!?} 0-1

[Event "Stay Safe Play From Home 272"]
[Site "Emanuel Lasker Arena"]
[Date "2020.07.02"]
[Round "8"]
[White "Broken sword"]
[Black "Haxhi Baha"]
[Result "1-0"]
[WhiteElo "2417"]
[BlackElo "2060"]
[PlyCount "73"]
[EventDate "2020.07.02"]
[EventType "swiss (blitz)"]

1. d4 {[%emt 0:00:01]} d5 {[%emt 0:00:01]} 2. Nf3 {[%emt 0:00:00]} e6 {[%emt 0:00:01]} 3. c4 {[%emt 0:00:00]} Bd6 {[%emt 0:00:01]} 4. cxd5 {[%emt 0:00:00]} exd5 {[%emt 0:00:01]} 5. Nc3 {[%emt 0:00:00]} c6 {[%emt 0:00:01]} 6. Bg5 {[%emt 0:00:00]} Nf6 {[%emt 0:00:02]} 7. Bh4 {[%emt 0:00:01]} h6 {[%emt 0:00:02]} 8. e3 {[%emt 0:00:01]} Bg4 {[%emt 0:00:01]} 9. Bd3 {[%emt 0:00:01]} Nbd7 {[%emt 0:00:02]} 10. Bg3 {[%emt 0:00:00]} Qe7 {[%emt 0:00:01]} 11. Rc1 {[%emt 0:00:02]} O-O {[%emt 0:00:02]} 12. Bxd6 {[%emt 0:00:01]} Qxd6 {[%emt 0:00:01]} 13. h3 {[%emt 0:00:00]} Bh5 {[%emt 0:00:02]} 14. Be2 {[%emt 0:00:01]} Ne4 {[%emt 0:00:02]} 15. Nxe4 {[%emt 0:00:01]} dxe4 {[%emt 0:00:00]} 16. Nd2 {[%emt 0:00:01]} Bxe2 {[%emt 0:00:02]} 17. Qxe2 {[%emt 0:00:00]} f5 {[%emt 0:00:00]} 18. O-O {[%emt 0:00:01]} Nf6 {[%emt 0:00:01]} 19. Nc4 {[%emt 0:00:01]} Qe6 {[%emt 0:00:01]} 20. Ne5 {[%emt 0:00:01]} Nd5 {[%emt 0:00:01]} 21. a3 {[%emt 0:00:01]} f4 {[%emt 0:00:01]} 22. exf4 {[%emt 0:00:01]} Rxf4 {[%emt 0:00:01]} 23. Rce1 {[%emt 0:00:01]} Raf8 {[%emt 0:00:02]} 24. f3 {[%emt 0:00:00]} e3 {[%emt 0:00:02]} 25. Qd3 {[%emt 0:00:00]} R8f6 {[%emt 0:00:08]} 26. b4 {[%emt 0:00:01]} Ne7 {[%emt 0:00:01]} 27. Qxe3 {[%emt 0:00:02]} Nd5 {[%emt 0:00:02]} 28. Qf2 {[%emt 0:00:01]} Nc3 {[%emt 0:00:02]} 29. Ng4 {[%emt 0:00:02]} Qf5 {[%emt 0:00:03]} 30. Nxf6+ {[%emt 0:00:01]} Qxf6 {[%emt 0:00:00]} 31. Re8+ {[%emt 0:00:02]} Kf7 {[%emt 0:00:01]} 32. Rfe1 {[%emt 0:00:00]} Rxd4 {[%emt 0:00:01]} 33. R8e7+ {[%emt 0:00:01]} Kg8 {[%emt 0:00:02]} 34. Re8+ {[%emt 0:00:01]} Kh7 {[%emt 0:00:01]} 35. Qc2+ {[%emt 0:00:01]} g6 {[%emt 0:00:04]} 36. Qxc3 {[%emt 0:00:01]} Rd1 {[%emt 0:00:01]} 37. Qxf6 {[%emt 0:00:02] Haxhi Baha resigns (Lag: Av=0.71s, max=1.1s)} 1-0

[Event "Stay Safe Play From Home 272"]
[Site "Emanuel Lasker Arena"]
[Date "2020.07.02"]
[Round "8"]
[White "Mepe_Nika"]
[Black "BrainThinker22"]
[Result "1-0"]
[WhiteElo "2373"]
[BlackElo "2303"]
[Annotator "NA"]
[PlyCount "63"]
[EventDate "2020.07.02"]
[EventType "swiss (blitz)"]

1. d4 {[%emt 0:00:01]} d5 {[%emt 0:00:01]} 2. Bf4 {[%emt 0:00:01]} e6 {[%emt 0:00:02]} 3. e3 {[%emt 0:00:00]} c5 {[%emt 0:00:00]} 4. c3 {[%emt 0:00:01]} Nc6 {[%emt 0:00:00]} 5. Nd2 {[%emt 0:00:00]} Nf6 {[%emt 0:00:01]} 6. Ngf3 {[%emt 0:00:01] BrainThinker22 offers a draw} Be7 {[%emt 0:00:01]} 7. Bd3 {[%emt 0:00:01]} O-O {[%emt 0:00:01]} 8. Ne5 {[%emt 0:00:00]} h6 {[%emt 0:00:02]} 9. O-O {[%emt 0:00:01]} Bd7 {[%emt 0:00:00]} 10. Qf3 {[%emt 0:00:00]} Rc8 {[%emt 0:00:01]} 11. h3 {[%emt 0:00:00]} Nxe5 {[%emt 0:00:02]} 12. Bxe5 {[%emt 0:00:01]} Qb6 {[%emt 0:00:03]} 13. Rab1 {[%emt 0:00:01]} cxd4 {[%emt 0:00:01]} 14. exd4 {[%emt 0:00:00]} Bb5 {[%emt 0:00:02]} 15. Qg3 {[%emt 0:00:01]} Bxd3 {[%emt 0:00:01]} 16. Qxd3 {[%emt 0:00:00]} a5 {[%emt 0:00:04]} 17. Rfe1 {[%emt 0:00:00]} a4 {[%emt 0:00:01]} 18. a3 {[%emt 0:00:00]} Nd7 {[%emt 0:00:03]} 19. Re3 {[%emt 0:00:01]} Nxe5 {[%emt 0:00:01]} 20. Rxe5 {[%emt 0:00:00]} Bf6 {[%emt 0:00:01]} 21. Re3 {[%emt 0:00:01]} Qc6 {[%emt 0:00:02]} 22. Rg3 {[%emt 0:00:01]} b5 {[%emt 0:00:01]} 23. Nf3 {[%emt 0:00:01]} Qc7 {[%emt 0:00:01]} 24. Re1 {[%emt 0:00:02]} Rfe8 {[%emt 0:00:01]} 25. Ne5 {[%emt 0:00:01]} Bxe5 {[%emt 0:00:00]} 26. Rxe5 {[%emt 0:00:00]} Qc4 {[%emt 0:00:01]} 27. Qe3 {[%emt 0:00:01]} Qb3 {[%emt 0:00:01]} 28. Qxh6 {[%emt 0:00:02]} g6 {[%emt 0:00:00]} 29. Rxg6+ {[%emt 0:00:05]} fxg6 {[%emt 0:00:01]} 30. Qxg6+ {[%emt 0:00:00]} Kf8 {[%emt 0:00:00]} 31. Qf6+ {[%emt 0:00:00]} Kg8 {[%emt 0:00:01]} 32. Rg5+ {[%emt 0:00:00] BrainThinker22 resigns (Lag: Av=0.62s, max=1.3s)} 1-0